| 000 | 01441nam0a2200325 4500 | ||
|---|---|---|---|
| 001 | RU\NLR\bibl\838068 | ||
| 005 | 20260407121103.0 | ||
| 010 |
_a5-85879-173-5 _91000 |
||
| 021 |
_aRU _b2005-46918 _92297 |
||
| 035 | _a(NLR Aleph) 000826897 | ||
| 090 |
_a1336204 _c1336204 |
||
| 100 | _a20050908d2005 |||y0rusy50 ca | ||
| 101 | 0 | _arus | |
| 102 | _aRU | ||
| 105 | _aa ||||||||| | ||
| 200 | 1 |
_aДетство, опаленное войной 1941-1945 гг. _e[сборник] _fАрханг. гор. обществ. орг. "Дети, опал. войной 1941-1945 гг." _g[авт.-сост. Г.К. Лебедева] |
|
| 210 |
_aАрхангельск _c[б. и.] _d2005 |
||
| 215 |
_a342 с. _cил. _d21 |
||
| 606 | 1 |
_aВеликая Отечественная война _jВоспоминания, записки и т.п. _z1941 - 1945 _9903571 _3RU\NLR\auth\668893 |
|
| 686 | _aЦ35(2)722,013 | ||
| 686 | _aТ3(2)722,013 | ||
| 702 | 1 |
_4220 _7ca _8rus _aЛебедева _bГ. К. _cлитератор _gГалина Кузьминична _945477 _3RU\NLR\auth\7762547 |
|
| 712 | 0 | 2 |
_4570 _a"Дети, опаленные войной 1941-1945 гг.", архангельская городская общественная организация _9640883 _3RU\NLR\AUTH\8810069650 |
| 801 | 0 |
_aRU _bNLR _c20050908 _grcr |
|
| 801 | 1 |
_aRU _bNLR _c20050908 |
|
| 942 | _cBOOK | ||
| 980 | _aNB | ||
| 980 | _aNBR | ||